000 00470nam a2200181Ia 4500
003 GCL
008 140319s9999 xx 000 0 eng d
040 _aGCL /
_cGCL
082 0 4 _a759
_bO M
100 1 _aONFRAY, MICHEL
245 1 0 _aMETAPHYSIQUE DES RUINES LA PEINTURE DE MONSU DESIDERIO /
_cONFRAY, MICHEL
260 _a[S.N] :
_bMOLLAT ،
_c1994
300 _a112 P
650 0 4 _aARTS
650 0 4 _aPAINTING
650 0 4 _aPAINTERS - BIOGRAPHY
942 _2ddc
_cBK
999 _c16246
_d16246